header

The ministry of the Spirit (Record no. 157293)

MARC details
000 -LEADER
fixed length control field 01490nam a2200349Ia 4500
100 1# - MAIN ENTRY--AUTHOR NAME
Personal name Allen, Roland,
245 14 - TITLE STATEMENT
Title The ministry of the Spirit
260 ## - PUBLICATION, DISTRIBUTION, ETC. (IMPRINT)
Place of publication Cambridge, U.K. :
Name of publisher Lutterworth Press,
Year of publication 2006.
300 ## - PHYSICAL DESCRIPTION
Number of Pages xxvii, 208 p.
500 ## - GENERAL NOTE
General note Originally published: London : World Dominion Press, 1960.
650 #0 - SUBJECT ADDED ENTRY--TOPICAL TERM
Topical Term Theology
700 1# - ADDED ENTRY--PERSONAL NAME
Personal name Paton, David M.
856 40 - ELECTRONIC LOCATION AND ACCESS
Uniform Resource Identifier http://site.ebrary.com/lib/rucke/Doc?id=10634110

No items available.

© 2026 Rongo University
Contact us: librarian | system librarian | Rongo university